[Event "IECC Swiss email"]
[Site "IECC email"]
[Date "2002.04.01"]
[Round "?"]
[White "Berkley, Stephen W"]
[Black "Thomas, Jeffrey J"]
[Result "1-0"]
[WhiteElo "1701"]
[BlackElo "1060"]
[PlyCount "25"]
[EventDate "2002.??.??"]
[EventType "tourn (corr)"]
[EventRounds "6"]
[SourceTitle "Corr 2008"]
[Source "ChessBase"]
[SourceDate "2008.06.24"]
[SourceVersion "1"]
[SourceVersionDate "2008.06.24"]
[SourceQuality "1"]

1. e4 e5 2. Nf3 Nc6 3. Bb5 a6 4. Ba4 Nf6 5. 0-0 b5 6. Bb3 Bb7 7. c3 Nxe4 8. d4 Na5 9. Nxe5 Nxb3 10. Qxb3 Nd6 11. c4 bxc4 12. Nxc4 Nxc4 13. Qxb7 1-0

[Event "IECC KO email"]
[Site "IECC email"]
[Date "2001.12.06"]
[Round "?"]
[White "Thomas, Jeffrey J"]
[Black "Gomes, Luciano"]
[Result "1/2-1/2"]
[WhiteElo "1021"]
[BlackElo "1111"]
[PlyCount "40"]
[EventDate "2001.??.??"]
[EventType "tourn (corr)"]
[EventRounds "6"]
[SourceTitle "Corr 2008"]
[Source "ChessBase"]
[SourceDate "2008.06.24"]
[SourceVersion "1"]
[SourceVersionDate "2008.06.24"]
[SourceQuality "1"]

1. d4 Nf6 2. c4 g6 3. Nc3 d5 4. cxd5 Nxd5 5. e4 Nxc3 6. bxc3 c5 7. Nf3 Bg7 8. Rb1 0-0 9. Be2 cxd4 10. cxd4 Qa5+ 11. Qd2 Qxd2+ 12. Bxd2 e6 13. 0-0 b6 14. Rfc1 Bb7 15. Bb4 Rd8 16. Bb5 Bxe4 17. Be7 Bxb1 18. Bxd8 Bxa2 19. Rc8 Bf8 20. Be7 Nc6 1/2-1/2

[Event "IECC Swiss email"]
[Site "IECC email"]
[Date "2001.08.25"]
[Round "?"]
[White "Thomas, Jeffrey J"]
[Black "Agnew, George Hartwell"]
[Result "1-0"]
[WhiteElo "999"]
[BlackElo "1180"]
[PlyCount "85"]
[EventDate "2001.??.??"]
[EventType "tourn (corr)"]
[EventRounds "6"]
[SourceTitle "Corr 2008"]
[Source "ChessBase"]
[SourceDate "2008.06.24"]
[SourceVersion "1"]
[SourceVersionDate "2008.06.24"]
[SourceQuality "1"]

1. d4 d5 2. c4 e6 3. Nc3 c5 4. cxd5 exd5 5. Nf3 Nc6 6. g3 Nf6 7. Bg2 Be7 8. 0-0 0-0 9. Bg5 Be6 10. dxc5 Bxc5 11. Rc1 Bb6 12. b3 h6 13. Bxf6 gxf6 14. e3 Kh8 15. a3 Rg8 16. b4 Ne7 17. Nd4 Rg6 18. Re1 Qd7 19. Nb3 Rd8 20. Ne2 Bc7 21. Nbd4 f5 22. f4 Rdg8 23. Qc2 Bb6 24. Qb2 Kh7 25. Bf3 Rc8 26. Bh5 Rgg8 27. Red1 Rxc1 28. Rxc1 Ng6 29. Kf2 Qe7 30. Bxg6+ fxg6 31. a4 Re8 32. a5 Bxd4 33. Qxd4 a6 34. Ng1 h5 35. Nf3 Rd8 36. Ng5+ Kg8 37. Nxe6 Qxe6 38. Rc7 Rd7 39. Rc8+ Kf7 40. Qh8 g5 41. Qg8+ Kf6 42. Rf8+ Rf7 43. Qxg5# 1-0

[Event "IECC Swiss email"]
[Site "IECC email"]
[Date "2001.04.09"]
[Round "?"]
[White "Thomas, Jeffrey J"]
[Black "Bourgoin, Claude"]
[Result "0-1"]
[WhiteElo "1000"]
[BlackElo "1860"]
[PlyCount "46"]
[EventDate "2001.??.??"]
[EventType "tourn (corr)"]
[EventRounds "6"]
[SourceTitle "Corr 2008"]
[Source "ChessBase"]
[SourceDate "2008.06.24"]
[SourceVersion "1"]
[SourceVersionDate "2008.06.24"]
[SourceQuality "1"]

1. d4 Nf6 2. c4 e6 3. g3 Bb4+ 4. Nd2 d5 5. Bg2 0-0 6. Ngf3 dxc4 7. Qc2 a5 8. a3 Bxd2+ 9. Bxd2 b5 10. 0-0 Bb7 11. Bg5 Nbd7 12. b4 axb4 13. axb4 h6 14. Bf4 Be4 15. Qc3 Nd5 16. Qb2 c3 17. Qb3 N7b6 18. Ra5 Nxf4 19. gxf4 Nd5 20. e3 Rxa5 21. bxa5 b4 22. Ne5 Bxg2 23. Kxg2 Qa8 0-1